[Event "Hyderabad Murthy Raju Memorial"]
[Site "Hyderabad"]
[Date "2024.07.27"]
[Round "4"]
[White "Devineni, Sritan"]
[Black "Bharat, Kumar Reddy Poluri"]
[Result "0-1"]
[WhiteElo "1724"]
[BlackElo "2171"]
[PlyCount "116"]
[EventDate "2024.07.27"]
[EventType "swiss (rapid)"]
[EventRounds "9"]
[EventCountry "IND"]
[SourceTitle "CBM 221 Extra"]
[Source "ChessBase"]
[SourceDate "2024.09.30"]
[SourceVersion "1"]
[SourceVersionDate "2024.09.30"]
[SourceQuality "1"]

1. e4 e6 2. d4 d5 3. Nd2 Be7 4. Bd3 c5 5. c3 cxd4 6. cxd4 dxe4 7. Nxe4 Nf6 8. Nf3 Bd7 9. 0-0 Bc6 10. Nxf6+ Bxf6 11. Be3 Nd7 12. Be2 0-0 13. Qd2 Qe7 14. Bf4 Rfd8 15. Bc7 Rdc8 16. Qf4 Nf8 17. Bd6 Qd8 18. Rfd1 Ng6 19. Qg3 Bxf3 20. Bxf3 Bh4 21. Qg4 f5 22. Qh3 Qxd6 23. Bxb7 Bf6 24. d5 Nf4 25. Qb3 e5 26. Bxa8 Rxa8 27. g3 Ne2+ 28. Kf1 Nd4 29. Qc4 Rd8 30. Rac1 h6 31. b4 Kh7 32. a4 Qd7 33. b5 f4 34. gxf4 Qh3+ 35. Ke1 Qg4 36. Qd3+ Kh8 37. Qe4 Nf3+ 38. Kf1 Nxh2+ 39. Ke1 Nf3+ 40. Kf1 Qh3+ 41. Ke2 Nd4+ 42. Ke1 exf4 43. Rxd4 Bxd4 44. Qxd4 Qh1+ 45. Kd2 Rxd5 46. Rxh1 Rxd4+ 47. Kc3 Rxa4 48. Kb3 Re4 49. Ra1 Re7 50. Ra6 Kh7 51. Kc4 h5 52. Kd5 h4 53. Kd6 Rb7 54. Ke5 h3 55. Kxf4 h2 56. Ra1 Rxb5 57. Kg3 Rh5 58. Kg4 h1Q 0-1